- Prénoms les plus donnés en 1940 - - Statistiques

Statistiques générales
  • Ce quiz a été pris 875 fois
  • Le résultat moyen est 53 sur 100
Statistiques - réponses
Position 1ère lettre Prénom % Correct
1 J Jean
97%
1 M Marie
91%
20 P Paul
87%
2 M Michel
85%
5 P Pierre
85%
23 F François
82%
36 M Marc
82%
6 J Jacques
81%
16 J Jeanne
81%
7 B Bernard
80%
22 L Louis
79%
3 C Claude
75%
5 F Françoise
75%
4 A André
74%
8 G Gérard
74%
18 H Henri
74%
26 Y Yves
74%
10 R René
73%
35 C Charles
71%
10 Y Yvette
71%
14 M Marcel
70%
11 R Robert
70%
9 D Daniel
69%
15 G Georges
69%
45 Y Yvon
69%
13 A Anne
68%
24 C Christian
67%
17 M Maurice
66%
13 R Roger
66%
4 J Jacqueline
65%
18 P Paulette
65%
33 P Philippe
64%
2 M Monique
63%
16 A Alain
62%
19 J Joseph
62%
42 Y Yvonne
62%
43 D Denis
61%
21 R Raymond
59%
15 T Thérèse
58%
38 A Antoine
57%
32 J Jean-Pierre
57%
29 L Lucien
57%
3 N Nicole
57%
11 D Denise
56%
19 M Michelle
55%
12 G Guy
54%
20 S Simone
54%
30 A Albert
53%
6 C Christiane
53%
25 A Annie
52%
23 B Bernadette
52%
32 O Odette
52%
40 G Gabriel
51%
38 H Hélène
51%
24 M Madeleine
51%
26 C Claudine
50%
14 D Danielle
50%
9 J Josette
50%
44 L Léon
50%
12 M Michèle
50%
7 J Jeannine
48%
37 E Emile
47%
48 G Georgette
47%
30 J Josiane
47%
8 C Colette
45%
31 M Marcelle
45%
46 M Marguerite
45%
39 F Fernand
44%
35 R Raymonde
44%
28 S Suzanne
44%
27 G Gilbert
43%
34 F Francis
42%
47 L Lucienne
42%
28 S Serge
41%
45 O Odile
40%
25 J Jean-Claude
39%
36 P Pierrette
39%
21 G Ginette
37%
50 G Gaston
36%
27 G Gisèle
36%
31 R Roland
36%
40 H Huguette
34%
22 G Geneviève
32%
49 M Mauricette
32%
33 M Micheline
32%
43 C Claudette
31%
37 D Danièle
31%
42 J Joël
31%
41 A Annick
30%
49 E Edouard
30%
39 M Mireille
30%
41 H Hubert
29%
17 L Liliane
28%
50 L Lucette
24%
46 E Eugène
23%
29 E Eliane
22%
48 J Jean-Marie
21%
44 J Janine
17%
34 A Arlette
13%
47 J Jacky
11%
Aucun quiz correspondant
Distribution des résultats
% des personnes avec chaque résultat
Percentile par nombre de réponses
Votre historique - résultats
Vous n’avez pas pris ce quiz